Bài ca trên núi : Trường ca và thơ

Nội dung giới thiệu về tập thơ tháp nắng, hành hương em. Giới thiệu về tỉnh Phan Rang và dân tộc Chăm.

Guardado en:
Detalles Bibliográficos
Autor principal: Đặng, Quang Vượng
Formato: Libro
Lenguaje:Undetermined
Publicado: Hà Nội Hội Nhà văn 2019
Materias:
Etiquetas: Agregar Etiqueta
Sin Etiquetas, Sea el primero en etiquetar este registro!
Thư viện lưu trữ: Trung tâm Học liệu Trường Đại học Cần Thơ
LEADER 00740nam a2200205Ia 4500
001 CTU_236769
008 210402s9999 xx 000 0 und d
082 |a 398.809597 
082 |b V561 
100 |a Đặng, Quang Vượng 
245 0 |a Bài ca trên núi : 
245 0 |b Trường ca và thơ 
245 0 |c Đặng Quang Vượng 
260 |a Hà Nội 
260 |b Hội Nhà văn 
260 |c 2019 
520 |a Nội dung giới thiệu về tập thơ tháp nắng, hành hương em. Giới thiệu về tỉnh Phan Rang và dân tộc Chăm. 
650 |a Folk songs,Dân ca Việt Nam 
910 |b dqhieu 
980 |a Trung tâm Học liệu Trường Đại học Cần Thơ